La calle del agujero en la media, todos bailan /

Guardado en:
Autor Principal: González Tuñon, Raúl
Formato: Libro
Publicado: Buenos Aires : Seix Barral, 2005
Series:Biblioteca Breve
Materias:
Etiquetas: Agregar Etiqueta
Sin Etiquetas, Sea el primero en etiquetar este registro!
LEADER 00639nam a22002175a 4500
001 CEM.cems013046
005 20130801153510.0
008 130507s2005##################000#0#####d
003 CEMS
020 |a 9507314660 
082 0 4 |a A861.4 
100 1 |a González Tuñon, Raúl 
245 1 0 |a La calle del agujero en la media, todos bailan /  |c Raúl González Tuñón 
260 |a Buenos Aires :  |b Seix Barral,  |c 2005 
300 |a 159 p. 
490 0 |a Biblioteca Breve 
653 |a Literatura 
653 |a Literatura argentina 
653 |a Poesía 
653 |a Poesía argentina 
859 |a CEMS  |b BIB. CEMS - 11 de abril  |h A861.4  |i G589-1  |p 25442.08  |t Ej.1